[Event "CACAU FOI PRO PAU KKK XII"]
[Site "http://www.queenalice.com/game.php?id=1550677"]
[Date "2018.11.26"]
[Round "-"]
[White "zubarev"]
[Black "WY_Grampy"]
[Result "0-1"]
[WhiteElo "1664"]
[BlackElo "1775"]

1. d4 d5 2. Nc3 e6 3. Nf3 Nf6 4. e3 c5 5. Ne5 a6 6. Be2 b5 7. O-O Bb7 8. f4 Bd6
9. Bd2 cxd4 10. exd4 O-O 11. a3 Nbd7 12. Bf3 Re8 13. Qe2 Qb6 14. Be3 Rac8 15.
Rac1 Qc7 16. Nd1 Nb6 17. Nd3 Ne4 18. Bxe4 dxe4 19. Ne5 f6 20. Ng4 Nc4 21. Ngf2
Bxf4 22. Bxf4 Qxf4 23. Nc3 Qd6 24. Nfxe4 Qxd4+ 25. Kh1 Nxb2 26. Rcd1 Nxd1 27.
Rxd1 Qe5 28. Qf2 Bxe4 29. Nxe4 Qxe4 30. Rd7 Red8 31. Rxd8+ Rxd8 32. h3 h5 33.
Qb6 Rd1+ 34. Kh2 Qe5+ 35. g3 Qe2+ 36. Qf2 Qxf2# 0-1

[Event "Let's Play Chess!"]
[Site "http://www.queenalice.com/game.php?id=1550689"]
[Date "2018.11.26"]
[Round "-"]
[White "paolop69"]
[Black "WY_Grampy"]
[Result "0-1"]
[WhiteElo "1687"]
[BlackElo "1619"]

1. e4 e6 2. a3 d5 3. d3 Nf6 4. Nd2 Nc6 5. c3 Be7 6. Be2 e5 7. h3 O-O 8. Bf3 a6
9. Ne2 b5 10. Ng3 Bd7 11. exd5 Rb8 12. dxc6 Be6 13. Nde4 Nd5 14. Bg4 f5 15. Bxf5
Bxf5 16. Nxf5 Rxf5 17. Ng3 Rf7 18. O-O Nf4 19. Bxf4 exf4 20. Ne4 f3 21. g3 Qc8
22. b4 Qxh3 23. Qxf3 Rxf3 24. Rae1 Rb6 25. Re3 Rxc6 26. Rxf3 Rh6 0-1

[Event " Augustoll "]
[Site "http://www.queenalice.com/game.php?id=1551577"]
[Date "2018.12.2"]
[Round "-"]
[White "WY_Grampy"]
[Black "zubarev"]
[Result "1-0"]
[WhiteElo "2035"]
[BlackElo "1876"]

1. Nf3 Nf6 2. g3 d5 3. Bg2 e6 4. d4 Nc6 5. O-O Bd6 6. c4 O-O 7. b3 dxc4 8. bxc4
Bd7 9. Be3 e5 10. d5 Ne7 11. c5 Nexd5 12. cxd6 cxd6 13. Bg5 Qb6 14. Nxe5 dxe5
15. Bxd5 Nxd5 16. Qxd5 Be6 17. Qe4 Qc7 18. Rc1 Qb6 19. Be3 Qb2 20. Nc3 Rac8 21.
Qxe5 Rfe8 22. Rab1 Qa3 23. Ne4 Bxa2 24. Rxc8 Rxc8 25. Bd4 f6 26. Nxf6+ gxf6 27.
Qxf6 Qf8 28. Qg5+ Kf7 29. Rxb7+ Ke6 30. Qe5# 1-0

[Event "Arianne Thaty Menina Rosa"]
[Site "http://www.queenalice.com/game.php?id=1551578"]
[Date "2018.12.2"]
[Round "-"]
[White "WY_Grampy"]
[Black "zubarev"]
[Result "1-0"]
[WhiteElo "1944"]
[BlackElo "1810"]

1. Nf3 Nf6 2. c4 d6 3. d4 e6 4. Nc3 Be7 5. e4 Bd7 6. e5 dxe5 7. dxe5 Ng8 8. Bd3
Bb4 9. O-O Ne7 10. Ne4 O-O 11. a3 Ba5 12. b4 c6 13. Nd6 Bc7 14. Bxh7+ Kxh7 15.
Ng5+ Kg8 16. Qh5 1-0

[Event "Challenge"]
[Site "http://www.queenalice.com/game.php?id=1551863"]
[Date "2018.12.4"]
[Round "-"]
[White "MADMIKE"]
[Black "WY_Grampy"]
[Result "0-1"]
[WhiteElo "1931"]
[BlackElo "1847"]

1. d4 d5 2. Nc3 e6 3. a3 Nf6 4. Bf4 c5 5. e3 a6 6. Nf3 Nc6 7. Be2 Bd6 8. Bg5
cxd4 9. exd4 h6 10. Bxf6 Qxf6 11. O-O g5 12. h3 h5 13. Nh2 g4 14. hxg4 Bxh2+ 15.
Kh1 Qh4 16. Qd3 Bg3+ 0-1

[Event "Challenge"]
[Site "http://www.queenalice.com/game.php?id=1551864"]
[Date "2018.12.4"]
[Round "-"]
[White "WY_Grampy"]
[Black "MADMIKE"]
[Result "1-0"]
[WhiteElo "1988"]
[BlackElo "1913"]

1. Nf3 Nc6 2. d4 d5 3. c4 Nf6 4. Nc3 e6 5. e3 dxc4 6. Bxc4 Be7 7. O-O O-O 8. a3
h6 9. e4 a6 10. Ba2 Bd7 11. Qd3 b5 12. e5 Nd5 13. Bb1 f5 14. exf6 Bxf6 15. Qh7+
Kf7 16. Bg6+ Ke7 17. Nxd5+ exd5 18. Re1+ Be6 19. Bf5 1-0

[Event "Let's Play Chess!"]
[Site "http://www.queenalice.com/game.php?id=1554698"]
[Date "2018.12.31"]
[Round "-"]
[White "Meckerkopp"]
[Black "WY_Grampy"]
[Result "0-1"]
[WhiteElo "2103"]
[BlackElo "2065"]

1. e4 c5 2. Nf3 Nc6 3. Bb5 g6 4. Bxc6 dxc6 5. h3 Nf6 6. e5 Nd5 7. O-O Bg7 8. c4
Nb4 9. Qb3 Qd3 10. Qxd3 Nxd3 11. a4 Bf5 12. Nc3 Nb4 13. Kh1 Bd3 14. Rg1 Bxc4 15.
Ne4 Bd5 16. Nxc5 b6 17. Ra3 bxc5 18. Rc3 c4 19. b3 cxb3 20. Ba3 a5 21. Bxb4 axb4
22. Re3 Rxa4 23. d4 Bh6 24. Re2 Ra2 25. Rxa2 bxa2 0-1

[Event "Challenge"]
[Site "http://www.queenalice.com/game.php?id=1561143"]
[Date "2019.2.16"]
[Round "-"]
[White "wolfman"]
[Black "WY_Grampy"]
[Result "0-1"]
[WhiteElo "2075"]
[BlackElo "2113"]

1. e4 c5 2. d4 cxd4 3. c3 dxc3 4. Nxc3 Nc6 5. Nf3 e6 6. Bc4 a6 7. a3 Nge7 8. O-O
Ng6 9. Qe2 Be7 10. Rd1 O-O 11. Be3 d6 12. Rac1 Bd7 13. Na4 Rb8 14. Nb6 Nce5 15.
Nxe5 Nxe5 16. Ba2 Bb5 17. Qh5 Nd7 18. Nxd7 Qxd7 19. Bb1 Rfc8 20. e5 g6 21. Rxc8+
Qxc8 22. Qh6 dxe5 23. Qh3 Qc4 24. Qg3 Qe2 25. Rc1 Rd8 26. h3 Qxb2 27. Bg5 f6 28.
Be3 f5 29. f4 exf4 30. Bxf4 e5 31. Bh6 f4 32. Qc3 Rd1+ 33. Kh2 Qxc3 34. Rxc3
Rxb1 35. Rc8+ Kf7 36. Rc7 Ke6 37. Rxb7 Bc5 38. g3 Rb2+ 0-1

[Event "Challenge"]
[Site "http://www.queenalice.com/game.php?id=1583886"]
[Date "2019.9.18"]
[Round "-"]
[White "Quasimodem"]
[Black "WY_Grampy"]
[Result "1/2-1/2"]
[WhiteElo "2115"]
[BlackElo "2150"]

1. Nf3 d5 2. b3 Nc6 3. Bb2 Nf6 4. e3 a6 5. d4 g6 6. a3 Bg7 7. c4 O-O 8. Nbd2 Bf5
9. cxd5 Qxd5 10. Bc4 Qd7 11. O-O Rad8 12. Re1 Ne4 13. Nxe4 Bxe4 14. Rc1 e6 15.
Nd2 Bd5 16. Qc2 Rfe8 17. h3 f5 18. b4 Bxc4 19. Qxc4 Qd5 20. Nb3 Qxc4 21. Rxc4
Bf8 22. Rec1 Bd6 23. Nc5 Bxc5 24. Rxc5 Rd5 25. R1c2 Rxc5 26. Rxc5 Kf7 27. f3 Ke7
28. Kf2 Kd6 29. Ke2 g5 30. b5 axb5 31. Rxb5 b6 32. g4 Ne7 33. e4 fxe4 34. fxe4
Rg8 35. Bc3 h6 36. Ke3 Ra8 37. Rb3 Ng6 38. Be1 Nf4 39. Bg3 e5 40. dxe5+ Kxe5 41.
h4 Ra4 42. Bxf4+ gxf4+ 43. Kf3 c5 44. Rxb6 Rxa3+ 45. Kf2 Rg3 46. Rxh6 Rxg4 47.
Rc6 Rxh4 48. Rxc5+ Kxe4 49. Rc4+ Kf5 50. Kf3 Rh3+ 51. Kg2 Rg3+ 52. Kf2 Kg4 53.
Rc8 Rb3 54. Rg8+ Kf5 55. Rf8+ Ke4 56. Re8+ Kd4 57. Rf8 Ke4 58. Re8+ Kf5 59. Rf8+
Ke4 60. Re8+ Kf5 61. Rf8+ 1/2-1/2

[Event "Challenge"]
[Site "http://www.queenalice.com/game.php?id=1627148"]
[Date "2020.9.16"]
[Round "-"]
[White "WY_Grampy"]
[Black "christian_labat"]
[Result "1-0"]
[WhiteElo "2146"]
[BlackElo "2113"]

1. Nf3 Nf6 2. g3 d5 3. Bg2 c5 4. d3 Nc6 5. O-O e5 6. Nbd2 Bd6 7. c4 d4 8. a3 O-O
9. Ng5 h6 10. Nge4 Be7 11. Nxf6+ Bxf6 12. Re1 Be7 13. Bd5 Be6 14. Bxe6 fxe6 15.
Ne4 Rb8 16. Bd2 b5 17. cxb5 Rxb5 18. Qa4 Qb6 19. Rab1 Rb8 20. Rec1 Na5 21. Bxa5
Qxa5 22. Qxa5 Rxa5 23. Nd2 Rab5 24. Nc4 Bf6 25. h4 g5 26. hxg5 Bxg5 27. Rc2 Rb3
28. Nxe5 Rxa3 29. f4 Rc3 30. Rd2 Bd8 31. Nc6 Rcb3 32. Nxb8 Rxb8 33. Rc2 Be7 34.
Ra1 Rb7 35. Ra6 Kf7 36. Kg2 Kf6 37. g4 Kf7 38. Kf3 Bf8 39. Ke4 Bg7 40. Rxc5 Rxb2
41. Rxa7+ Kg6 42. f5+ exf5+ 43. gxf5+ Kh7 44. Rcc7 Rxe2+ 45. Kf3 Re3+ 46. Kf4
Re1 47. Rxg7+ Kh8 48. f6 Rf1+ 49. Ke5 1-0

[Event "Let's Play Chess!"]
[Site "http://www.queenalice.com/game.php?id=1771606"]
[Date "2021.10.9"]
[Round "-"]
[White "charles31"]
[Black "WY_Grampy"]
[Result "0-1"]
[WhiteElo "1614"]
[BlackElo "2177"]

1. Nc3 c5 2. e4 Nc6 3. Bb5 Nd4 4. Ba4 Qa5 5. Bb3 b5 6. d3 Nxb3 7. cxb3 b4 8. Nd5
e6 9. Ne3 Bb7 10. Bd2 Be7 11. a3 Qb5 12. a4 Qxd3 13. Qc2 Qxc2 14. Nxc2 Bxe4 15.
Ne3 d5 16. f3 Bg6 17. Nh3 Bd6 18. g3 Ne7 19. O-O-O h6 20. Nc2 Rc8 21. Nf4 Bh7
22. h4 c4 23. bxc4 Rxc4 24. b3 Rxc2+ 0-1

[Event "Let's Play Chess!"]
[Site "http://www.queenalice.com/game.php?id=1788818"]
[Date "2022.5.14"]
[Round "-"]
[White "Charles56"]
[Black "WY_Grampy"]
[Result "0-1"]
[WhiteElo "1800"]
[BlackElo "2200"]

1. Nc3 Nf6 2. e4 d5 3. exd5 Nxd5 4. Nxd5 Qxd5 5. d4 Nc6 6. Nf3 e5 7. dxe5 Qxd1+
8. Kxd1 Bg4 9. Be2 O-O-O+ 10. Bd2 Bc5 11. Ng5 Nxe5 12. Bxg4+ Nxg4 13. Re1 Nxf2+
14. Kc1 Rhe8 15. b4 Rxe1+ 16. Bxe1 Be3+ 17. Kb2 Bxg5 18. Bxf2 Bf6+ 0-1

[Event "DESAFIO 7"]
[Site "http://www.queenalice.com/game.php?id=1789099"]
[Date "2022.5.17"]
[Round "-"]
[White "Zeca1955"]
[Black "WY_Grampy"]
[Result "0-1"]
[WhiteElo "2072"]
[BlackElo "2200"]

1. e4 Nf6 2. e5 Nd5 3. c4 Nb6 4. d4 d6 5. Nf3 dxe5 6. Nxe5 g6 7. Nc3 Bg7 8. Bf4
Nc6 9. Nb5 O-O 10. Be2 Nxe5 11. Bxe5 Bxe5 12. dxe5 c6 13. Nc3 Be6 14. b3 Nd7 15.
f4 Qa5 16. Qc2 Rfd8 17. O-O Bf5 18. Qb2 Qb6+ 19. Kh1 Nc5 20. h4 h5 21. Rf3 Rd7
22. Rg3 Rad8 23. Qc1 Qa5 24. Bxh5 Nd3 25. Qc2 e6 26. Kh2 Nxf4 27. Ne4 Nxh5 28.
Qe2 Qxe5 29. Qxh5 Qxa1 30. Nc5 Rd1 0-1

[Event "Let's Play Chess!"]
[Site "http://www.queenalice.com/game.php?id=1854997"]
[Date "2025.4.5"]
[Round "-"]
[White "WY_Grampy"]
[Black "Charles56"]
[Result "1-0"]
[WhiteElo "2217"]
[BlackElo "1798"]

1. d4 d5 2. Bf4 Nf6 3. e3 a6 4. Nf3 h6 5. Bd3 Bg4 6. Nbd2 e6 7. c3 Nc6 8. Qc2
Bd6 9. Ne5 Bxe5 10. dxe5 Nd7 11. h3 Bh5 12. g4 Bg6 13. Bxg6 fxg6 14. Qxg6+ Kf8
15. Qxe6 Qe7 16. Qxd5 Nb6 17. Qe4 Qe6 18. Bg3 Ke7 19. f4 g6 20. O-O-O Rad8 21.
Bh4+ Kf7 22. Bxd8 Rxd8 23. h4 Qxa2 24. h5 Ne7 25. hxg6+ Kg7 26. f5 Ned5 27. f6+
Kg8 28. Rxh6 Na4 29. Rh8+ Kxh8 30. Qh1+ Kg8 31. Qh7+ 1-0

[Event "AUTO-MASTER-3264"]
[Site "http://www.queenalice.com/game.php?id=1857043"]
[Date "2025.5.9"]
[Round "1"]
[White "WY_Grampy"]
[Black "Olipika"]
[Result "1-0"]
[WhiteElo "2231"]
[BlackElo "1886"]

1. d4 Nf6 2. Bf4 g6 3. e3 Bg7 4. Nf3 O-O 5. h3 d5 6. c3 Nc6 7. Bd3 e6 8. Nbd2
Bd7 9. O-O Re8 10. c4 Ne7 11. Rc1 c6 12. e4 dxe4 13. Nxe4 Nxe4 14. Bxe4 Nf5 15.
Be5 f6 16. Bd6 Nxd6 17. Bd3 Qc8 18. c5 Nf7 19. Re1 e5 20. Nh4 Bxh3 21. gxh3 Qxh3
22. Re4 Bh6 23. Rc3 Bf4 24. Nf3 Ng5 25. Rxf4 exf4 26. Nxg5 fxg5 27. Bc4+ 1-0

[Event "AUTO-MASTER-3264"]
[Site "http://www.queenalice.com/game.php?id=1857044"]
[Date "2025.5.9"]
[Round "1"]
[White "Olipika"]
[Black "WY_Grampy"]
[Result "0-1"]
[WhiteElo "1902"]
[BlackElo "2233"]

1. c4 Nf6 2. g3 g6 3. Bg2 c5 4. Qb3 Nc6 5. Nf3 Bg7 6. d3 a6 7. O-O O-O 8. Nc3
Rb8 9. Bf4 d6 10. a3 b5 11. Rab1 e5 12. Bg5 Be6 13. Qa2 Qd7 14. Nd5 Nh5 15. b3
h6 16. Bd2 f5 17. Qc2 f4 18. Nc3 g5 19. Ne4 g4 20. Nh4 Nd4 21. Qd1 f3 22. exf3
gxf3 23. Bxh6 Bxh6 24. Nxf3 Bg4 25. Ned2 Bxd2 26. Qxd2 Nxf3+ 27. Bxf3 Bxf3 28.
Qg5+ Kh7 29. Rfe1 Qh3 30. Qxh5+ Bxh5 31. Re3 Rxf2 32. Kxf2 Qxh2+ 33. Ke1 Rf8 34.
Re4 Qf2# 0-1

[Event "AUTO-MASTER-3264"]
[Site "http://www.queenalice.com/game.php?id=1857045"]
[Date "2025.5.9"]
[Round "1"]
[White "WY_Grampy"]
[Black "alvm"]
[Result "1-0"]
[WhiteElo "2217"]
[BlackElo "2088"]

1. d4 Nf6 2. Bf4 c5 3. Nf3 d6 4. e3 Nc6 5. d5 Nb4 6. Bc4 Bf5 7. O-O Bxc2 8. Qd2
g6 9. Nc3 Ne4 10. Qe1 Nxc3 11. Qxc3 Rg8 12. Bb5+ 1-0

[Event "AUTO-MASTER-3264"]
[Site "http://www.queenalice.com/game.php?id=1857046"]
[Date "2025.5.9"]
[Round "1"]
[White "alvm"]
[Black "WY_Grampy"]
[Result "1-0"]
[WhiteElo "2102"]
[BlackElo "2236"]

1. d4 Nf6 2. c4 g6 3. Nc3 Bg7 4. e4 d6 5. Bd3 O-O 6. Nge2 Nc6 7. O-O e5 8. d5
Ne7 9. f3 c6 10. Be3 Bd7 11. Rc1 Nh5 12. Qd2 cxd5 13. exd5 Nf5 14. Bxf5 Bxf5 15.
g4 b6 16. gxf5 gxf5 17. Bg5 f6 18. Bh6 f4 19. Bxg7 Nxg7 20. Ne4 1-0

[Event "AUTO-MASTER-3264"]
[Site "http://www.queenalice.com/game.php?id=1857047"]
[Date "2025.5.9"]
[Round "1"]
[White "WY_Grampy"]
[Black "WoodpusherKid"]
[Result "1/2-1/2"]
[WhiteElo "2217"]
[BlackElo "2217"]

1. d4 d5 2. Bf4 e6 3. Nf3 Nf6 4. e3 c5 5. Nbd2 Qb6 6. Rb1 Bd7 7. c3 Bd6 8. Bxd6
Qxd6 9. Ne5 O-O 10. Bd3 Be8 11. O-O Nfd7 12. Ndf3 Qe7 13. Re1 Nxe5 14. Nxe5 Nd7
15. Nxd7 Bxd7 16. Qh5 g6 17. Qh6 Rac8 18. h4 e5 19. dxe5 Qxe5 20. Rbd1 Bg4 21.
Rd2 d4 22. e4 dxc3 23. bxc3 Qxc3 24. Bf1 c4 25. h5 Bxh5 26. e5 Rfe8 27. Re4 Qa1
28. Rd7 c3 29. e6 Rxe6 30. Rxe6 Bg4 31. Rxf7 Kxf7 32. Re4 c2 33. Qxh7+ Kf8 34.
Qe7+ Kg8 35. Rxg4 Rc6 36. Qd8+ Kg7 37. Qd7+ Kf6 38. Re4 Qxf1+ 39. Kxf1 c1=Q+ 40.
Re1 Qc4+ 41. Kg1 Re6 42. Rxe6+ Qxe6 43. Qd4+ Qe5 44. Qxa7 Qe1+ 45. Kh2 Qe5+ 46.
g3 Qh5+ 1/2-1/2

[Event "AUTO-MASTER-3264"]
[Site "http://www.queenalice.com/game.php?id=1857048"]
[Date "2025.5.9"]
[Round "1"]
[White "WoodpusherKid"]
[Black "WY_Grampy"]
[Result "1/2-1/2"]
[WhiteElo "2217"]
[BlackElo "2217"]

1. d4 Nf6 2. Nf3 d6 3. c4 g6 4. Nc3 Bg7 5. e4 O-O 6. Be3 Ng4 7. Bg5 h6 8. Bh4 g5
9. Bg3 e5 10. Be2 Nc6 11. d5 Nd4 12. h4 f5 13. hxg5 hxg5 14. exf5 Bxf5 15. Nxd4
exd4 16. Nb5 c6 17. Bxg4 cxb5 18. Bxf5 Rxf5 19. Qd3 Qa5+ 20. Kd1 Raf8 21. cxb5
Rxd5 22. Rc1 Re8 23. Qh7+ Kf8 24. Qg6 Qd8 25. Re1 Rxe1+ 26. Kxe1 d3 27. Kd1 Bxb2
28. Qe6 Bxc1 29. Qxd5 Ba3 30. Qxd3 Bc5 31. Qf3+ Ke8 32. Qxb7 Qf6 33. Qa8+ Ke7
34. Qb7+ Ke8 35. Qc8+ Ke7 36. Qb7+ Ke8 37. Qe4+ Kd8 38. Qd5 Kd7 39. Qb7+ Ke8 40.
Qa8+ Kd7 41. Qb7+ Ke8 42. Qb8+ Kd7 43. Qb7+ Ke8 44. Qa8+ 1/2-1/2